000 00514nam a22001817a 4500
003 UA-OsUOA
001 16449
007 ta
008 20040112b un ||||| |||| 00| 0 ukr d
100 _aЯрощук В.
942 _cSA
040 _aUA-OsUOA
_cUA-OsUOA
_dUA-OsUOA
245 _aЩе один позитивний крок [обл. б-ки]
300 _aС.12
955 _a0
773 0 _w0
_tНова Волинь
_dРівне
_d2003
_g№54/55/31 груд./
650 7 _aКраєзнавча робота
_2UDC
999 _c302614
_d302614